Random 20 Elements - Atomic Numbers - Statistics

General Stats
  • This quiz has been taken 1,038 times
  • The average score is 14 of 20
Answer Stats
Atomic Number Element % Correct
68 Erbium
100%
9 Fluorine
100%
2 Helium
100%
1 Hydrogen
100%
22 Titanium
100%
13 Aluminium
93%
6 Carbon
93%
11 Sodium
93%
4 Beryllium
92%
24 Chromium
92%
3 Lithium
92%
116 Livermorium
92%
7 Nitrogen
92%
15 Phosphorus
92%
118 Oganesson
91%
14 Silicon
91%
29 Copper
90%
5 Boron
89%
10 Neon
89%
26 Iron
88%
47 Silver
88%
25 Manganese
86%
28 Nickel
86%
19 Potassium
86%
30 Zinc
86%
98 Californium
83%
12 Magnesium
83%
8 Oxygen
83%
74 Tungsten
83%
48 Cadmium
82%
20 Calcium
82%
21 Scandium
82%
16 Sulfur
82%
17 Chlorine
81%
33 Arsenic
80%
35 Bromine
80%
56 Barium
78%
80 Mercury
78%
43 Technetium
78%
23 Vanadium
78%
18 Argon
77%
27 Cobalt
76%
110 Darmstadtium
73%
79 Gold
73%
115 Moscovium
73%
107 Bohrium
71%
100 Fermium
71%
114 Flerovium
71%
102 Nobelium
71%
40 Zirconium
71%
82 Lead
70%
60 Neodymium
70%
39 Yttrium
70%
31 Gallium
69%
81 Thallium
69%
66 Dysprosium
67%
99 Einsteinium
67%
77 Iridium
67%
113 Nihonium
67%
34 Selenium
65%
42 Molybdenum
64%
46 Palladium
64%
37 Rubidium
64%
49 Indium
63%
59 Praseodymium
63%
45 Rhodium
63%
85 Astatine
62%
78 Platinum
62%
103 Lawrencium
61%
54 Xenon
61%
76 Osmium
60%
75 Rhenium
60%
90 Thorium
60%
83 Bismuth
58%
86 Radon
58%
117 Tennessine
58%
95 Americium
57%
96 Curium
57%
32 Germanium
57%
111 Roentgenium
57%
62 Samarium
57%
69 Thulium
57%
105 Dubnium
56%
67 Holmium
56%
71 Lutetium
56%
93 Neptunium
56%
94 Plutonium
56%
88 Radium
56%
101 Mendelevium
55%
106 Seaborgium
55%
52 Tellurium
54%
89 Actinium
50%
50 Tin
50%
112 Copernicium
47%
109 Meitnerium
47%
84 Polonium
46%
61 Promethium
45%
91 Protactinium
45%
38 Strontium
45%
70 Ytterbium
45%
63 Europium
44%
53 Iodine
44%
104 Rutherfordium
44%
58 Cerium
42%
92 Uranium
42%
36 Krypton
41%
64 Gadolinium
40%
57 Lanthanum
38%
65 Terbium
36%
55 Caesium
33%
44 Ruthenium
33%
97 Berkelium
31%
72 Hafnium
29%
108 Hassium
25%
41 Niobium
25%
73 Tantalum
25%
51 Antimony
22%
87 Francium
20%
No matching quizzes found
Score Distribution
Percent of People with Each Score
Percentile by Number Answered
Your Score History
You have not taken this quiz